Canadian food & grocery : B2B industry guide 2014.
| Format: | Book |
|---|---|
| Published: |
Victoria B.C:
Contact Canada,
2014.
|
| Subjects: |
| LEADER | 00496cam a2200145 7i4500 | ||
|---|---|---|---|
| 001 | 0000031837 | ||
| 005 | 20141016090000.0 | ||
| 020 | 0 | 0 | |a 9781897488546 |
| 090 | 0 | 0 | |a CAND 641.3025 |b CAN |
| 245 | 0 | 0 | |a Canadian food & grocery : |b B2B industry guide 2014. |
| 260 | 0 | 0 | |a Victoria B.C: |b Contact Canada, |c 2014. |
| 300 | # | # | |a 260 p. |
| 650 | 0 | 0 | |a Food industry and trade -- |x Directories -- |z Canada |
| 650 | 0 | 0 | |a Crocery trade -- |x Directories -- |z Canada |
| 999 | |a B000034599 |b Book |c Countries |e Business Information Centre | ||


